Kivül-belül a lírán. Kovács András Ferenc: Kompletórium {Recenzie}. [Book reviews Kovács András Ferenc: Kompletórium]
Elmentve itt :
| Szerző: | |
|---|---|
| Adatforrás: | Meister |
| Forrásdokumentuma: | Látó. - 2002. 4, 148-153. |
| Nyelv: | magyar |
| Kulcsszavak: | recenzió recenzie book review KOVÁCS András Ferenc |
| LEADER | 00518nab a2200157 i 4500 | ||
|---|---|---|---|
| 001 | bibPRO00012016 | ||
| 008 | 080908s2002 xx hun | ||
| 040 | |a Sz1 | ||
| 041 | |a hun | ||
| 100 | 1 | |a KULCSÁR SZABÓ Zoltán | |
| 245 | 1 | 0 | |a Kivül-belül a lírán. Kovács András Ferenc: Kompletórium {Recenzie}. [Book reviews Kovács András Ferenc: Kompletórium] |c KULCSÁR SZABÓ Zoltán |
| 695 | |a recenzió | ||
| 695 | |a recenzie | ||
| 695 | |a book review | ||
| 695 | |a KOVÁCS András Ferenc | ||
| 773 | 0 | |t Látó. - |g 2002. 4, 148-153. | |